Statistics for Star Trek V: The Final Frontier quiz

Click here to take the quiz!

General Stats

  • This quiz has been taken 20 times
  • The average score is 8 of 12

Answer Stats

HintAnswer% Correct
Who does he hope to find there?God
100%
In the memory he is forced to relive, who does Dr. McCoy take off life support?his father
90%
Complete Kirk's quote: "What does God need with a ________?"starship
90%
What national park on Earth are Kirk, Spock, and McCoy camping in at the beginning of the film?Yosemite
80%
What rock formation is Kirk climbing at the start of the film?El Capitan
70%
What does he take away from people using the Vulcan mind meld, in order to make them follow him?pain
70%
What is the name of Spock's half-brother?Sybok
70%
Who directed the film?William Shatner
70%
What does Spock tell Kirk not to do in front of the Klingons?hug
60%
The Enterprise crew is called back from shore leave to respond to a hostage crisis on what planet?Nimbus III
40%
What is the name of the place Spock's half-brother is trying to travel to?Sha Ka Ree
40%
What is the name of the Klingon captain who pursues Kirk and ultimately ends up rescuing him?Klaa
30%

Score Distribution

Percentile by Number Answered

Percent of People with Each Score

Your Score History

You have not taken this quiz